Artificial Intelligence : Ethical, Social, and Security Impacts for the Present and the Future /
Este libro presenta una visión integral sobre los desafíos éticos, sociales y de seguridad que plantea la inteligencia artificial (IA) y la IA superinteligente. Analiza su impacto en áreas como los motores de búsqueda, la publicidad dirigida, los asistentes virtuales, los vehículos autónomos, la vig...
Guardado en:
| Hovedforfatter: | |
|---|---|
| Format: | Bog |
| Sprog: | engelsk |
| Udgivet: |
Cambridgeshire, Inglaterra :
IT Governance,
2024, c2024
|
| Udgivelse: | 2a edición |
| Fag: | |
| Online adgang: | Ver documento en línea |
| Tags: |
Ingen Tags, Vær først til at tagge denne postø!
|
MARC
| LEADER | 00000nam^a2200000^a^4500 | ||
|---|---|---|---|
| 001 | 000588491 | ||
| 005 | 20251023000000.0 | ||
| 009 | 20260310132830.51 | ||
| 020 | |a 9781787785137 | ||
| 037 | |a Acervo ITESO - Biblioteca | ||
| 041 | |a ING | ||
| 082 | |a 006. 3 |b MEH | ||
| 100 | |a Mehan, Julie E. |e (autor) | ||
| 245 | 1 | 0 | |a Artificial Intelligence : |b Ethical, Social, and Security Impacts for the Present and the Future / |c J.E. Mehan. |
| 250 | |a 2a edición | ||
| 264 | 4 | |a Cambridgeshire, Inglaterra : |b IT Governance, |c 2024, c2024 | |
| 264 | 2 | |a Birmingham, EUA : |b EBSCOhost [distribución], |c 2024 | |
| 300 | |a 1 libro electrónico en línea (409 p.) | ||
| 300 | |a 1 recurso en línea | ||
| 336 | |a datos para computadora |b cod |2 rdacontenido | ||
| 337 | |a computadora |b c |2 rdamedio | ||
| 338 | |a recurso en línea |b cr |2 rdasoporte | ||
| 506 | 0 | |a Licencias ilimitadas | |
| 520 | |a Este libro presenta una visión integral sobre los desafíos éticos, sociales y de seguridad que plantea la inteligencia artificial (IA) y la IA superinteligente. Analiza su impacto en áreas como los motores de búsqueda, la publicidad dirigida, los asistentes virtuales, los vehículos autónomos, la vigilancia predictiva y las armas autónomas. La obra aborda la complejidad ética de permitir que estas tecnologías operen sin intervención humana, destaca los debates actuales y las implicaciones sociales de su implementación. | ||
| 521 | |a 2025 BO Licenciatura en Ingeniería en Inteligencia Artificial | ||
| 649 | |a XX | ||
| 650 | |a Interacción Hombre-Máquina - |x Aspectos Eticos | ||
| 650 | |a Algoritmos Computacionales - |x Aspectos Eticos | ||
| 650 | |a Seguridad Informática - |x Aspectos Sociales y Culturales | ||
| 650 | |a Internet de las Cosas | ||
| 650 | |a Computación Ubicua | ||
| 650 | |a Minería de Datos | ||
| 650 | |a Aprendizaje Automático (Inteligencia Artificial) | ||
| 650 | |a Inteligencia Artificial - |x Aspectos Eticos - |x Tema Principal | ||
| 650 | |a Inteligencia Artificial - |x Aspectos Sociales y Culturales - |x Tema Principal | ||
| 650 | |a Inteligencia Artificial - |x Tema Principal | ||
| 650 | |a Ingeniería Computacional | ||
| 856 | 4 | 0 | |u https://ezproxy.iteso.mx/login?url=https://search.ebscohost.com/login.aspx?direct=true&scope=site&db=nlebk&db=nlabk&AN=3988343 |y Ver documento en línea |
| 910 | |a Fondo General | ||
| 920 | |a Electrónicos - Libros en Línea | ||
| 930 | |a Plataforma Digital | ||
| 905 | |a 205 | ||
| 901 | |a 588491-1 |b IT2 |c EBO |u 20250521 | ||
| 902 | |a https://opac.biblio.iteso.mx/vufind/Record/000588491 | ||